Skip to main content
Your cart is empty.
Your lists
Log in to create your own lists
Your cookies
العربية
English
العربية
Home
Search
Advanced search
Authority search
About
The noble scholar, jurist, historian
His Excellency Dr. Abdul Wahhab bin Ibrahim Abu Sulaiman, may Allah have mercy on him.
He was born in Umm Al-Qura in the year 1356 AH.
Library catalog
Title
Author
Subject
ISBN
ISSN
Series
Call number
Log in to your account
×
Login:
Password:
Home
MARC view: المقاصد من أحكام الشارع وأثرها في العقود /
Normal view
MARC view
ISBD view
المقاصد من أحكام الشارع وأثرها في العقود / (Record no. 2456)
[
view plain
]
MARC details
000 -LEADER
fixed length control field
02227cam a2200337 ia4500
003 - CONTROL NUMBER IDENTIFIER
control field
SA-RiAUC
005 - DATE AND TIME OF LATEST TRANSACTION
control field
20241118082636.0
008 - FIXED-LENGTH DATA ELEMENTS--GENERAL INFORMATION
fixed length control field
241118s2016 su g 000r0 ara c
020 ## - INTERNATIONAL STANDARD BOOK NUMBER
International Standard Book Number
9786030217861
024 0# - OTHER STANDARD IDENTIFIER
Standard number or code
00000000295427
040 ## - CATALOGING SOURCE
Original cataloging agency
KAC
Language of cataloging
ara
Transcribing agency
SA-RiAUC
Description conventions
rda
082 04 - DEWEY DECIMAL CLASSIFICATION NUMBER
Classification number
253.1
Assigning agency
SA-RiAUC
090 ## - LOCALLY ASSIGNED LC-TYPE CALL NUMBER (OCLC); LOCAL CALL NUMBER (RLIN)
Classification number (OCLC) (R) ; Classification number, CALL (RLIN) (NR)
253.1
Local cutter number (OCLC) ; Book number/undivided call number, CALL (RLIN)
م ر ش
100 1# - MAIN ENTRY--PERSONAL NAME
Personal name
المرشد، عثمان بن إبراهيم،
Dates associated with a name
1364 هجريا-
Relator term
مؤلف
245 12 - TITLE STATEMENT
Title
المقاصد من أحكام الشارع وأثرها في العقود /
Statement of responsibility, etc.
تأليف د. عثمان بن إبراهيم بن مرشد المرشد ؛ عني به وعلق عليه د. صالح بن سليمان بن حمد الحويس.
250 ## - EDITION STATEMENT
Edition statement
الطبعة الأولى.
264 #1 - PRODUCTION, PUBLICATION, DISTRIBUTION, MANUFACTURE, AND COPYRIGHT NOTICE
Place of production, publication, distribution, manufacture
السعودية :
Name of producer, publisher, distributor, manufacturer
الجمعية العلمية السعودية لعلم الأصول ومقاصد الشريعة،
Date of production, publication, distribution, manufacture, or copyright notice
2016
300 ## - PHYSICAL DESCRIPTION
Extent
2 مجلد ؛
Dimensions
24 × 17 سم.
336 ## - CONTENT TYPE
Content type term
نص
Content type code
txt
Source
rdacontent
Materials specified
كتاب
337 ## - MEDIA TYPE
Media type term
بدون وسيط
Media type code
n
Source
rdamedia
338 ## - CARRIER TYPE
Carrier type term
مجلد
Carrier type code
nc
Source
rdacarrier
490 1# - SERIES STATEMENT
Series statement
سلسلة إصدارات الجمعية العلمية السعودية لعلم الأصول ومقاصد الشريعة ؛
Volume/sequential designation
1
500 ## - GENERAL NOTE
General note
2 مجلدات ببليوجرافية في 1 مجلد مادي.
505 0# - FORMATTED CONTENTS NOTE
Formatted contents note
المحتويات : المجلد الأول-القسم الأول : بيان مقاصد الشارع، الباب الأول : بيان المقاصد العاملة للشارع من تشريع الأحكام، الباب الثاني : في بيان مقاصد الشارع الخاصة بالعقود-المجلد الثاني-القسم الثاني : في بيان العلاقة بين عمل المكلف ومقاصد الشارع، الباب الأول بيان أن العمل إنما يكون مشروعا إذا وافق مقاصد الشارع قصدا ومالا ... وموضوعات أخرى.
650 #7 - SUBJECT ADDED ENTRY--TOPICAL TERM
Topical term or geographic name entry element
المعاملات (فقه إسلامي)
Source of heading or term
aucsh
650 #7 - SUBJECT ADDED ENTRY--TOPICAL TERM
Topical term or geographic name entry element
العقود (فقه إسلامي)
Source of heading or term
aucsh
650 #7 - SUBJECT ADDED ENTRY--TOPICAL TERM
Topical term or geographic name entry element
مقاصد الشريعة
Source of heading or term
aucsh
700 1# - ADDED ENTRY--PERSONAL NAME
Personal name
الحويس، صالح بن سليمان بن حمد،
Dates associated with a name
1965-
Relator term
مراجع.
942 ## - ADDED ENTRY ELEMENTS (KOHA)
Source of classification or shelving scheme
Dewey Decimal Classification
Koha item type
Books
949 ## - LOCAL PROCESSING INFORMATION (OCLC)
a
SA-JeALM
d
241118
u
khaled123
n
1
Holdings
Withdrawn status
Lost status
Source of classification or shelving scheme
Materials specified (bound volume or other part)
Damaged status
Not for loan
Home library
Current library
Date acquired
Total checkouts
Full call number
Barcode
Date last seen
Price effective from
Koha item type
Dewey Decimal Classification
المجلد الاول
DR AbdElwahab Library
DR AbdElwahab Library
11/18/2024
253.1 م ر ش
000003846
11/18/2024
11/18/2024
Books
Dewey Decimal Classification
المجلد الثاني
DR AbdElwahab Library
DR AbdElwahab Library
11/18/2024
253.1 م ر ش
000003847
11/18/2024
11/18/2024
Books
Dewey Decimal Classification
المجلد الاول
DR AbdElwahab Library
DR AbdElwahab Library
02/12/2025
253.1 م ر ش
000009692
02/12/2025
02/12/2025
Books
Dewey Decimal Classification
المجلد الثاني
DR AbdElwahab Library
DR AbdElwahab Library
02/12/2025
253.1 م ر ش
000009693
02/12/2025
02/12/2025
Books
Dewey Decimal Classification
المجلد الاول
DR AbdElwahab Library
DR AbdElwahab Library
04/07/2025
253.1 م ر ش
000011451
04/07/2025
04/07/2025
Books
Dewey Decimal Classification
المجلد الثاني
DR AbdElwahab Library
DR AbdElwahab Library
04/07/2025
253.1 م ر ش
000011452
04/07/2025
04/07/2025
Books
Place hold
Print
Add to your cart
(remove)
Save record
BIBTEX
Dublin Core
MARCXML
MARC (non-Unicode/MARC-8)
MARC (Unicode/UTF-8)
MARC (Unicode/UTF-8, Standard)
MODS (XML)
RIS
ISBD
More searches
Search for this title in:
Other Libraries (WorldCat)
Other Databases (Google Scholar)
Online Stores (Bookfinder.com)
Open Library (openlibrary.org)
Exporting to Dublin Core...
×
Simple DC-RDF
OAI-DC
SRW-DC